| 000 | 00781nam a2200253Ia 4500 | ||
|---|---|---|---|
| 003 | OSt | ||
| 005 | 20220927110451.0 | ||
| 006 | a|||||r|||| 00| 0 | ||
| 007 | ta | ||
| 008 | 220926b |||||||| |||| 00| 0 eng d | ||
| 024 | _a114633 | ||
| 037 | _cReports | ||
| 040 |
_aRTL _cRTL _beng |
||
| 041 |
_2eng _aeng |
||
| 082 | _a"D85.(Z).52.N5t, J3" | ||
| 100 |
_aCapowera Dante A _9378538 |
||
| 245 | 0 | _aWater laws in Italy | |
| 260 |
_aRome _bFood and Agriculture Organization _c1953 |
||
| 300 |
_a"iii,28p. Appendix p. 27-28" _ccm. |
||
| 490 | _a"Food and Agriculture Organization, Agriculture, Development Paper . 22" | ||
| 650 | _aComputer Science | ||
| 942 |
_h"D85.(Z).52.N5t, J3" _cCC |
||
| 999 |
_c696849 _d696849 |
||